Loading...
| Beliefs | 1 | 4 | 0 | 1 | 55 | 51 | 92.40 | 1 | 3 | 13.39 | 23.33 |
| History - European | 1 | 3 | 0 | 2 | 45 | 51 | 106.75 | 0 | 2 | 7.79 | 20.00 |
| History - Ancient | 0 | 4 | 0 | 1 | 40 | 101 | 120.25 | 3 | 4 | 6.83 | 50.00 |
| History - World | 2 | 1 | 1 | 0 | 35 | 46 | 73.00 | 0 | 3 | 14.43 | 24.44 |
| Visual Arts | 1 | 1 | 0 | 0 | 25 | 82 | 87.00 | 0 | 1 | 8.22 | 8.89 |
| History - Other | 2 | 0 | 1 | 0 | 25 | 63 | 66.00 | 0 | 2 | 23.82 | 30.00 |
| Science - Other | 1 | 0 | 0 | 0 | 15 | 59 | 59.00 | 1 | 1 | 6.03 | 11.11 |
| Fine Arts - Other Arts | 0 | 1 | 0 | 1 | 10 | 133 | 133.00 | 0 | 0 | 0.08 | 2.22 |
| Literature - European | 0 | 1 | 0 | 0 | 10 | 110 | 110.00 | 0 | 0 | 2.12 | 2.22 |
| Other Academic | 0 | 1 | 0 | 0 | 10 | 73 | 73.00 | 0 | 1 | 11.99 | 20.00 |
| Science - Physics | 0 | 1 | 0 | 0 | 10 | 92 | 92.00 | 0 | 1 | 3.25 | 6.67 |
| Social Science | 0 | 1 | 0 | 0 | 10 | 92 | 92.00 | 0 | 1 | 1.88 | 4.00 |
| Auditory Arts | 0 | 1 | 0 | 1 | 10 | 152 | 152.00 | 0 | 1 | 0.22 | 5.56 |
| History - American | 0 | 0 | 1 | 0 | -5 | 0.00 | 0 | 0 | 0.00 | 0.00 |